| 000 | 00936nam a22002417a 4500 | ||
|---|---|---|---|
| 999 |
_c11007 _d11007 |
||
| 003 | AR-CdUCM | ||
| 008 | 190402b ||||| |||| 00| 0 spa d | ||
| 040 |
_aMUNICIPALIDAD PROVINCIAL DEL CUSCO _cBIBLIOTECA MUNICIPAL DEL CUSCO |
||
| 041 | _hita | ||
| 082 |
_22ed. _a346.3 / _bP75 / 1950 |
||
| 100 |
_aPolacco, Vittorio _928113 |
||
| 245 | _aDe las sucesiones / | ||
| 260 |
_aBuenos Aires : _bBosch y Cia, _c1950. |
||
| 300 |
_a653 páginas ; _c23 cm. |
||
| 440 |
_aEdiciones Juridicas Europa-America _928114 |
||
| 505 | _aContenido : De las sucesiones legitimas -- De las sucesiones testamentarias -- De la apertura y la atribución de la sucesión en general -- Lugar de la apertura y momento de determinación de los llamados suceder ... | ||
| 650 |
_aDerecho Civil _95265 |
||
| 650 |
_aLegislación _92962 |
||
| 650 |
_aItalia _92273 |
||
| 700 |
_aSentís Melendo, Santiago _95141 |
||
| 942 |
_2ddc _cLIBROS |
||
| 945 | _arah | ||